|
|
|
|
| LEADER |
01218nam a2200337 a 4500 |
| 001 |
000388968 |
| 003 |
CZ BrMZK |
| 005 |
20210407180200.0 |
| 007 |
ta |
| 008 |
980115s1998 xr e p 0 cze d |
| 015 |
|
|
|a cnb000651021
|
| 020 |
|
|
|a 80-85922-55-X
|
| 035 |
|
|
|a (OCoLC)41831611
|
| 040 |
|
|
|a BOA001
|b cze
|
| 043 |
|
|
|a e-xr---
|
| 072 |
|
7 |
|a 336.1/.5
|x Veřejné finance
|2 Konspekt
|9 4
|
| 072 |
|
7 |
|a 37.016
|x Učební osnovy. Vyučovací předměty. Učebnice
|2 Konspekt
|9 22
|
| 080 |
|
|
|a 336.226.322
|2 MRF
|
| 080 |
|
|
|a (437.3)
|2 MRF
|
| 080 |
|
|
|a (075)
|2 MRF
|
| 100 |
1 |
|
|a Stejskal, Tomáš
|7 ola2008434608
|4 aut
|
| 245 |
1 |
0 |
|a Vše o dani z přidané hodnoty včetně cvičebních testů znalostí :
|b [učebnice] /
|c [T. Stejskal, H. Čermáková].
|
| 246 |
1 |
4 |
|a Vše o DPH včetně testů k ověření znalosti
|
| 260 |
|
|
|a Ostrava :
|b Mirago,
|c [1998]
|
| 300 |
|
|
|a 162 s. ;
|c 21 cm
|
| 650 |
0 |
7 |
|a daň z přidané hodnoty
|7 ph119339
|z Česko
|2 czenas
|
| 655 |
|
7 |
|a učebnice
|7 fd133770
|2 czenas
|
| 700 |
1 |
|
|a Čermáková, Hana,
|d 1948-
|7 jn20001227363
|4 aut
|
| 910 |
|
|
|a BOA001
|b 2-1054.573
|
| 990 |
|
|
|a BK
|
| 996 |
6 |
|
|b 2610084887
|c 2-1054.573
|l MZK
|r Sklad / do 1 hodiny
|n 22
|p p.v.
|w 000388968
|u 000010
|a 1
|e BOA001
|j MZK50
|s P
|